000 00631nam a2200241Ia 4500
003 OSt
005 20221007110329.0
006 a|||||r|||| 00| 0
007 ta
008 221006b |||||||| |||| 00| 0 eng d
024 _a20,897
037 _cTextual
040 _aLCO
_cLCO
_beng
041 _2eng
_aeng
082 _aZk, K2
100 _aGovernment of India
245 0 _aConsolidated Glossary of Technical Terms
260 _aNew
_bDelhi Manager Division of India India
_c1962
300 _a1370
650 _aDICTIONARY
942 _hZk, K2
_cTEXL
999 _c1190460
_d1190460